Constructing buildings, bridges, and minds : building an integrated curriculum through social studies

Αποθηκεύτηκε σε:
Λεπτομέρειες βιβλιογραφικής εγγραφής
Κύριος συγγραφέας: Young, Katherine A.
Μορφή: Βιβλίο
Γλώσσα:English
Δημοσίευση: Portsmouth : Heinemann, 1994
Θέματα:
Ετικέτες: Προσθήκη ετικέτας
Δεν υπάρχουν, Καταχωρήστε ετικέτα πρώτοι!

MARC

LEADER 00000nam a2200000 i 4500
001 1/19213
008 010423s1994 eng d
020 |a 0435087967 
035 |l 10066771 
040 |a GR-MY-UA  |b gre  |e aacr 
041 0 |a eng 
082 0 |a 372.83043 
100 1 |a Young, Katherine A. 
245 1 0 |a Constructing buildings, bridges, and minds :  |b building an integrated curriculum through social studies /  |c Katherine A. Young 
260 |a Portsmouth :   |b Heinemann,   |c 1994 
300 |a xi, 160 p.;  |c 24 cm 
650 0 0 |a Social sciences  |x Study and teaching (Elementary)  |z United States. 
650 0 0 |a Active learning  |z United States. 
650 0 0 |a Curriculum planning  |z United States. 
650 0 0 |a Education, Elementary  |x Activity programs  |z United States. 
852 |a INST  |b RHODES  |e 20010423  |h 372.83043 YOU  |p 005400016955  |q 005400016955  |t BK  |y 0 
901 |a BIBL4-2001-1 
909 |a Ρ  |b 086939 
922 |a 4ΕΛΗ  |b 200102  |c ΚΠΣ/Ν 
950 |a 096-2000-09-18 
970 |a ΚΟΥΛΑΚΙΟΤΗ  |b ΛΙΤΣΑ  |z 2001/04/23